[Event "Russian Rapid Team Championship (m)"]
[Site "Sochi"]
[Date "2022.10.18"]
[Round "3.4"]
[White "Faizrakhmanov, Ramil"]
[Black "Kabanov, Nikolai"]
[Result "1/2-1/2"]
[BlackElo "2367"]
[WhiteElo "2475"]
[LiveChessVersion "1.4.8"]

1. d4 {[%clk 0:15:16]} g6 {[%clk 0:15:18]} 2. c4 {[%clk 0:15:23]} Bg7
{[%clk 0:15:27]} 3. e4 {[%clk 0:15:30]} Nc6 {[%clk 0:15:33]} 4. Nf3
{[%clk 0:15:37]} e5 {[%clk 0:15:35]} 5. dxe5 {[%clk 0:15:26]} Nxe5
{[%clk 0:15:27]} 6. Be2 {[%clk 0:15:20]} Nxf3+ {[%clk 0:15:15]} 7. Bxf3
{[%clk 0:15:28]} d6 {[%clk 0:15:12]} 8. O-O {[%clk 0:15:24]} Ne7 {[%clk 0:15:19]}
9. Nc3 {[%clk 0:14:29]} Be6 {[%clk 0:13:47]} 10. Nd5 {[%clk 0:12:58]} Nc6
{[%clk 0:13:29]} 11. Be3 {[%clk 0:12:46]} O-O {[%clk 0:12:30]} 12. Qd2
{[%clk 0:12:49]} Ne5 {[%clk 0:12:31]} 13. Be2 {[%clk 0:09:17]} c6
{[%clk 0:12:37]} 14. f4 {[%clk 0:09:08]} cxd5 {[%clk 0:08:38]} 15. exd5
{[%clk 0:08:52]} Nxc4 {[%clk 0:06:17]} 16. Bxc4 {[%clk 0:08:59]} Bf5
{[%clk 0:06:16]} 17. Rac1 {[%clk 0:08:30]} Qf6 {[%clk 0:06:06]} 18. b3
{[%clk 0:08:23]} a6 {[%clk 0:06:13]} 19. a4 {[%clk 0:07:26]} Rfe8
{[%clk 0:06:21]} 20. Rfe1 {[%clk 0:06:51]} Qb2 {[%clk 0:06:15]} 21. Re2
{[%clk 0:05:02]} Rxe3 {[%clk 0:03:03]} 22. Qxb2 {[%clk 0:05:10]} Bxb2
{[%clk 0:03:10]} 23. Rxb2 {[%clk 0:05:18]} Rc8 {[%clk 0:02:59]} 24. a5
{[%clk 0:04:34]} Re4 {[%clk 0:02:45]} 25. g3 {[%clk 0:04:26]} Rc5
{[%clk 0:02:50]} 26. Ra1 {[%clk 0:04:23]} Re3 {[%clk 0:02:35]} 27. Kf2
{[%clk 0:03:53]} Rc3 {[%clk 0:02:42]} 28. Re2 {[%clk 0:03:14]} Kf8
{[%clk 0:02:40]} 29. Ra4 {[%clk 0:01:35]} Bd7 {[%clk 0:01:40]} 30. Rb4
{[%clk 0:01:34]} Bb5 {[%clk 0:01:11]} 31. h4 {[%clk 0:00:35]} h5 {[%clk 0:01:01]}
32. Re3 {[%clk 0:00:42]} Rc2+ {[%clk 0:01:10]} 33. Kf3 {[%clk 0:00:44]} Bxc4
{[%clk 0:00:56]} 34. bxc4 {[%clk 0:00:53]} R2xc4 {[%clk 0:00:58]} 35. Rxb7
{[%clk 0:00:55]} Rxd5 {[%clk 0:00:57]} 36. Ree7 {[%clk 0:00:52]} Rf5
{[%clk 0:01:02]} 37. Red7 {[%clk 0:00:57]} Ra4 {[%clk 0:00:57]} 38. Rxd6
{[%clk 0:00:57]} Raxa5 {[%clk 0:01:04]} 39. Ra7 {[%clk 0:00:56]} Ra3+
{[%clk 0:01:11]} 40. Kg2 {[%clk 0:01:05]} a5 {[%clk 0:01:12]} 41. Rda6
{[%clk 0:01:06]} Kg7 {[%clk 0:01:15]} 42. Rb7 {[%clk 0:01:05]} Ra2+
{[%clk 0:01:09]} 43. Kh3 {[%clk 0:01:06]} Ra1 {[%clk 0:01:07]} 44. Rc7
{[%clk 0:00:56]} Ra3 {[%clk 0:00:56]} 45. Kg2 {[%clk 0:01:04]} Rf6
{[%clk 0:01:04]} 46. Ra8 {[%clk 0:00:49]} Rf5 {[%clk 0:00:49]} 47. Ra6
{[%clk 0:00:50]} Ra2+ {[%clk 0:00:44]} 48. Kf3 {[%clk 0:00:46]} Ra3+
{[%clk 0:00:46]} 49. Kg2 {[%clk 0:00:51]} Kh6 {[%clk 0:00:32]} 50. Raa7
{[%clk 0:00:52]} Kg7 {[%clk 0:00:40]} 51. Ra6 {[%clk 0:01:00]} Rb5
{[%clk 0:00:35]} 52. Raa7 {[%clk 0:00:51]} Rf5 {[%clk 0:00:37]} 53. Ra6
{[%clk 0:00:59]} Ra1 {[%clk 0:00:40]} 54. Rb7 {[%clk 0:00:43]} a4
{[%clk 0:00:26]} 55. Rba7 {[%clk 0:00:38]} Ra2+ {[%clk 0:00:25]} 56. Kh3
{[%clk 0:00:38]} Rb5 {[%clk 0:00:23]} 57. Rxa4 {[%clk 0:00:46]} Rxa4
{[%clk 0:00:23]} 1/2-1/2

[Event "Russian Rapid Team Championship (m)"]
[Site "Sochi"]
[Date "2022.10.18"]
[Round "3.5"]
[White "Petrov, Nikita"]
[Black "Afanasiev, Nikita"]
[Result "1/2-1/2"]
[BlackElo "2535"]
[WhiteElo "2496"]
[LiveChessVersion "1.4.8"]

1. d4 {[%clk 0:15:17]} Nf6 {[%clk 0:14:56]} 2. Bg5 {[%clk 0:15:22]} d5
{[%clk 0:14:53]} 3. e3 {[%clk 0:15:26]} Ne4 {[%clk 0:14:48]} 4. Bf4
{[%clk 0:15:32]} c5 {[%clk 0:14:56]} 5. Nd2 {[%clk 0:15:37]} Bf5 {[%clk 0:14:44]}
6. Bxb8 {[%clk 0:15:37]} Qxb8 {[%clk 0:11:18]} 7. Bb5+ {[%clk 0:13:48]} Kd8
{[%clk 0:11:27]} 8. Ngf3 {[%clk 0:13:08]} e6 {[%clk 0:11:06]} 9. Nxe4
{[%clk 0:12:46]} Bxe4 {[%clk 0:11:15]} 10. Ng5 {[%clk 0:11:43]} Bg6
{[%clk 0:10:43]} 11. Bd3 {[%clk 0:11:32]} Ke8 {[%clk 0:10:30]} 12. c3
{[%clk 0:07:04]} Be7 {[%clk 0:10:18]} 13. Nf3 {[%clk 0:07:01]} Qc7
{[%clk 0:08:19]} 14. O-O {[%clk 0:06:43]} c4 {[%clk 0:07:57]} 15. Bxg6
{[%clk 0:06:39]} hxg6 {[%clk 0:08:04]} 16. h3 {[%clk 0:06:48]} f5
{[%clk 0:07:48]} 17. Ne5 {[%clk 0:06:41]} Rh6 {[%clk 0:07:51]} 18. Qa4+
{[%clk 0:05:46]} Kf8 {[%clk 0:08:00]} 19. b3 {[%clk 0:05:55]} cxb3
{[%clk 0:07:07]} 20. axb3 {[%clk 0:05:50]} Bd6 {[%clk 0:07:07]} 21. c4
{[%clk 0:05:50]} Bxe5 {[%clk 0:06:43]} 22. dxe5 {[%clk 0:05:58]} dxc4
{[%clk 0:06:48]} 23. bxc4 {[%clk 0:04:45]} Rh4 {[%clk 0:06:11]} 24. f4
{[%clk 0:04:34]} g5 {[%clk 0:06:20]} 25. Rad1 {[%clk 0:04:15]} Qc5
{[%clk 0:06:03]} 26. Qd7 {[%clk 0:03:30]} Qxe3+ {[%clk 0:05:51]} 27. Kh1
{[%clk 0:03:39]} Rxh3+ {[%clk 0:01:16]} 28. gxh3 {[%clk 0:03:48]} Qxh3+
{[%clk 0:01:25]} 29. Kg1 {[%clk 0:03:58]} Qg3+ {[%clk 0:01:34]} 30. Kh1
{[%clk 0:04:07]} Qh3+ 31. Kg1 1/2-1/2

[Event "Russian Rapid Team Championship (m)"]
[Site "Sochi"]
[Date "2022.10.18"]
[Round "3.6"]
[White "Tsydypov, Zhamsaran"]
[Black "Makarian, Rudik"]
[Result "0-1"]
[BlackElo "2469"]
[WhiteElo "2554"]
[LiveChessVersion "1.4.8"]

1. e4 {[%clk 0:13:42]} e5 {[%clk 0:15:18]} 2. Nf3 {[%clk 0:13:50]} Nc6
{[%clk 0:15:27]} 3. Bc4 {[%clk 0:13:59]} Nf6 {[%clk 0:15:35]} 4. d3
{[%clk 0:14:08]} h6 {[%clk 0:15:44]} 5. Nbd2 {[%clk 0:14:11]} Bc5
{[%clk 0:15:51]} 6. c3 {[%clk 0:14:18]} d6 {[%clk 0:16:00]} 7. O-O
{[%clk 0:14:25]} a5 {[%clk 0:16:08]} 8. h3 {[%clk 0:14:28]} Bb6 {[%clk 0:16:12]}
9. Re1 {[%clk 0:14:36]} g5 {[%clk 0:16:20]} 10. g4 {[%clk 0:13:28]} h5
{[%clk 0:14:36]} 11. Nf1 {[%clk 0:13:22]} hxg4 {[%clk 0:12:28]} 12. Nxg5
{[%clk 0:13:29]} Qe7 {[%clk 0:11:53]} 13. h4 {[%clk 0:10:40]} Be6
{[%clk 0:10:48]} 14. Nxe6 {[%clk 0:10:30]} fxe6 {[%clk 0:10:55]} 15. Bg5
{[%clk 0:10:38]} Kd7 {[%clk 0:09:34]} 16. Ne3 {[%clk 0:10:20]} Rag8
{[%clk 0:09:39]} 17. Nxg4 {[%clk 0:07:40]} Qf8 {[%clk 0:03:25]} 18. Qf3
{[%clk 0:03:41]} Rxg5 {[%clk 0:02:19]} 19. hxg5 {[%clk 0:03:35]} Nxg4
{[%clk 0:02:28]} 20. Bxe6+ {[%clk 0:03:24]} Kxe6 {[%clk 0:02:37]} 21. Qxg4+
{[%clk 0:03:33]} Ke7 {[%clk 0:02:45]} 22. Rf1 {[%clk 0:03:10]} Nd8
{[%clk 0:02:29]} 23. d4 {[%clk 0:02:43]} Ne6 {[%clk 0:02:32]} 24. f4
{[%clk 0:01:04]} Nxf4 {[%clk 0:01:59]} 25. Qf5 {[%clk 0:00:22]} Qxf5
{[%clk 0:01:26]} 26. exf5 {[%clk 0:00:30]} Rh5 {[%clk 0:01:35]} 27. Kf2
{[%clk 0:00:17]} Rxg5 {[%clk 0:01:40]} 28. Kf3 {[%clk 0:00:26]} Kf6
{[%clk 0:01:24]} 29. dxe5+ {[%clk 0:00:27]} dxe5 {[%clk 0:01:33]} 30. Ke4
{[%clk 0:00:34]} Rg3 {[%clk 0:01:00]} 31. Rae1 {[%clk 0:00:18]} c6
{[%clk 0:01:04]} 32. Rh1 {[%clk 0:00:24]} Nh3 {[%clk 0:01:11]} 33. Kxe5+ Kxe5 0-1

[Event "Russian Rapid Team Championship (m)"]
[Site "Sochi"]
[Date "2022.10.18"]
[Round "3.7"]
[White "Demidov, Mikhail"]
[Black "Rozum, Ivan"]
[Result "0-1"]
[BlackElo "2540"]
[WhiteElo "2488"]
[LiveChessVersion "1.4.8"]

1. Nf3 {[%clk 0:15:18]} Nf6 {[%clk 0:14:56]} 2. d4 {[%clk 0:15:23]} e6
{[%clk 0:15:03]} 3. e3 {[%clk 0:15:24]} d5 {[%clk 0:14:39]} 4. c4
{[%clk 0:15:27]} Bd6 {[%clk 0:14:11]} 5. Nc3 {[%clk 0:15:31]} O-O
{[%clk 0:14:17]} 6. Bd3 {[%clk 0:15:39]} dxc4 {[%clk 0:13:34]} 7. Bxc4
{[%clk 0:15:47]} c5 {[%clk 0:13:40]} 8. O-O {[%clk 0:15:50]} a6 {[%clk 0:13:42]}
9. e4 {[%clk 0:13:05]} cxd4 {[%clk 0:13:35]} 10. e5 {[%clk 0:13:08]} Bxe5
{[%clk 0:13:27]} 11. Nxe5 {[%clk 0:12:54]} dxc3 {[%clk 0:13:36]} 12. bxc3
{[%clk 0:08:59]} Qxd1 {[%clk 0:11:59]} 13. Rxd1 {[%clk 0:09:07]} Nbd7
{[%clk 0:11:06]} 14. f4 {[%clk 0:07:07]} b5 {[%clk 0:10:12]} 15. Be2
{[%clk 0:05:24]} Nxe5 {[%clk 0:09:35]} 16. fxe5 {[%clk 0:05:32]} Nd5
{[%clk 0:09:43]} 17. Bd2 {[%clk 0:03:24]} Bb7 {[%clk 0:09:11]} 18. a4
{[%clk 0:03:28]} Bc6 {[%clk 0:08:39]} 19. axb5 {[%clk 0:03:18]} axb5
{[%clk 0:08:47]} 20. Rdb1 {[%clk 0:03:20]} h6 {[%clk 0:08:23]} 21. Kf2
{[%clk 0:02:13]} Rxa1 {[%clk 0:05:49]} 22. Rxa1 {[%clk 0:02:22]} Rc8
{[%clk 0:05:54]} 23. Ra7 {[%clk 0:01:50]} Nb6 {[%clk 0:03:51]} 24. Be3
{[%clk 0:01:38]} Na4 {[%clk 0:03:24]} 25. Bd4 {[%clk 0:00:49]} Bd5
{[%clk 0:03:33]} 26. Bxb5 {[%clk 0:00:37]} Nxc3 {[%clk 0:03:41]} 27. Bd3
{[%clk 0:00:46]} Ne4+ {[%clk 0:03:27]} 28. Ke3 {[%clk 0:00:27]} Nc5
{[%clk 0:02:55]} 29. g3 {[%clk 0:00:23]} Nxd3 {[%clk 0:03:00]} 30. Kxd3
{[%clk 0:00:32]} g5 {[%clk 0:02:41]} 31. h4 {[%clk 0:00:32]} Kg7 {[%clk 0:02:34]}
32. Be3 {[%clk 0:00:29]} Kg6 {[%clk 0:02:39]} 33. Bd2 {[%clk 0:00:18]} Rb8
{[%clk 0:02:38]} 34. Rc7 {[%clk 0:00:19]} Rb3+ {[%clk 0:02:44]} 35. Rc3
{[%clk 0:00:24]} Rb4 {[%clk 0:02:48]} 36. hxg5 {[%clk 0:00:30]} hxg5
{[%clk 0:02:57]} 37. Rc8 {[%clk 0:00:37]} Rg4 {[%clk 0:02:46]} 38. Be1
{[%clk 0:00:37]} Re4 {[%clk 0:02:40]} 39. Bc3 {[%clk 0:00:39]} Kf5
{[%clk 0:02:13]} 40. Rf8 {[%clk 0:00:43]} Kg4 {[%clk 0:02:22]} 41. Rg8
{[%clk 0:00:34]} Ra4 {[%clk 0:01:46]} 42. Bd4 {[%clk 0:00:20]} Ra3+
{[%clk 0:01:36]} 43. Bc3 {[%clk 0:00:24]} Ra2 {[%clk 0:01:31]} 44. Rg7
{[%clk 0:00:26]} Rf2 {[%clk 0:01:37]} 45. Be1 {[%clk 0:00:20]} Rf5
{[%clk 0:01:20]} 46. Kd4 {[%clk 0:00:22]} Kf3 {[%clk 0:01:16]} 47. Bd2
{[%clk 0:00:27]} g4 {[%clk 0:01:13]} 48. Bf4 {[%clk 0:00:36]} Rxf4+
{[%clk 0:01:04]} 49. gxf4 {[%clk 0:00:45]} g3 {[%clk 0:01:12]} 50. Rxf7
{[%clk 0:00:22]} g2 {[%clk 0:01:22]} 51. Rg7 {[%clk 0:00:31]} Kxf4
{[%clk 0:01:30]} 52. Rg8 {[%clk 0:00:14]} Kf3 {[%clk 0:01:32]} 53. Kc5
{[%clk 0:00:13]} Kf2 {[%clk 0:01:40]} 54. Rf8+ {[%clk 0:00:20]} Bf3
{[%clk 0:01:48]} 0-1

[Event "Russian Rapid Team Championship (m)"]
[Site "Sochi"]
[Date "2022.10.18"]
[Round "3.8"]
[White "Moiseenko, Vadim"]
[Black "Vastrukhin, Oleg"]
[Result "1/2-1/2"]
[BlackElo "2358"]
[WhiteElo "2429"]
[LiveChessVersion "1.4.8"]

1. e4 {[%clk 0:13:37]} e6 {[%clk 0:15:19]} 2. d3 {[%clk 0:12:47]} d5
{[%clk 0:15:25]} 3. Nd2 {[%clk 0:12:39]} Nf6 {[%clk 0:15:32]} 4. Ngf3
{[%clk 0:12:42]} Be7 {[%clk 0:15:38]} 5. g3 {[%clk 0:12:48]} b6 {[%clk 0:15:46]}
6. e5 {[%clk 0:12:28]} Nfd7 {[%clk 0:15:53]} 7. Bg2 {[%clk 0:12:02]} Bb7
{[%clk 0:15:58]} 8. O-O {[%clk 0:12:04]} c5 {[%clk 0:16:06]} 9. Re1
{[%clk 0:11:56]} Nc6 {[%clk 0:16:06]} 10. c4 {[%clk 0:11:15]} d4 {[%clk 0:14:46]}
11. Ne4 Qc7 {[%clk 0:12:29]} 12. Bf4 {[%clk 0:10:47]} O-O-O {[%clk 0:12:33]} 13.
Qa4 {[%clk 0:09:01]} h6 {[%clk 0:09:19]} 14. g4 {[%clk 0:08:56]} g5
{[%clk 0:08:33]} 15. Bg3 {[%clk 0:08:42]} Rdg8 {[%clk 0:08:23]} 16. a3
{[%clk 0:06:02]} h5 {[%clk 0:06:32]} 17. h3 {[%clk 0:06:09]} hxg4
{[%clk 0:06:38]} 18. hxg4 {[%clk 0:06:17]} Kb8 {[%clk 0:04:35]} 19. b4
{[%clk 0:05:50]} Rh4 {[%clk 0:04:33]} 20. Nf6 {[%clk 0:03:41]} Nxf6
{[%clk 0:03:35]} 21. exf6 {[%clk 0:03:48]} Bd6 {[%clk 0:03:45]} 22. Bxd6
{[%clk 0:03:19]} Qxd6 {[%clk 0:03:53]} 23. bxc5 {[%clk 0:03:27]} Qxc5
{[%clk 0:03:43]} 24. Nxh4 {[%clk 0:03:16]} gxh4 {[%clk 0:03:51]} 25. Qb5
{[%clk 0:03:21]} Rxg4 {[%clk 0:02:54]} 26. Qxc5 {[%clk 0:03:29]} bxc5
{[%clk 0:03:02]} 27. Kf1 {[%clk 0:02:07]} Kc7 {[%clk 0:02:28]} 28. Rab1
{[%clk 0:01:46]} Ba6 {[%clk 0:01:49]} 29. Re4 {[%clk 0:01:07]} Rxe4
{[%clk 0:01:30]} 30. Bxe4 {[%clk 0:01:15]} Ne5 {[%clk 0:01:39]} 31. Ke2
{[%clk 0:00:55]} Nd7 {[%clk 0:01:43]} 32. Rh1 {[%clk 0:01:01]} Nxf6
{[%clk 0:01:49]} 33. Rxh4 {[%clk 0:01:09]} Nd7 {[%clk 0:01:03]} 34. Bg2
{[%clk 0:00:34]} f5 {[%clk 0:00:21]} 35. Rh6 {[%clk 0:00:25]} Kd6
{[%clk 0:00:20]} 36. Bd5 {[%clk 0:00:15]} Nf8 {[%clk 0:00:28]} 37. Rf6
{[%clk 0:00:23]} Ke7 {[%clk 0:00:28]} 38. Rxf8 {[%clk 0:00:32]} Kxf8
{[%clk 0:00:37]} 39. Bxe6 {[%clk 0:00:41]} Bb7 {[%clk 0:00:19]} 40. Bxf5
{[%clk 0:00:49]} Ke7 {[%clk 0:00:28]} 41. Be4 {[%clk 0:00:56]} Bxe4
{[%clk 0:00:29]} 42. dxe4 {[%clk 0:01:03]} Ke6 {[%clk 0:00:38]} 43. f4
{[%clk 0:00:56]} Kf6 {[%clk 0:00:47]} 44. a4 {[%clk 0:00:58]} a5 {[%clk 0:00:56]}
45. Kf3 {[%clk 0:01:03]} Ke6 {[%clk 0:01:01]} 46. e5 {[%clk 0:00:53]} Kf5
{[%clk 0:01:04]} 47. Ke2 {[%clk 0:01:02]} Ke6 {[%clk 0:00:45]} 48. Kf2
{[%clk 0:01:09]} Kf5 {[%clk 0:00:22]} 49. Kf3 {[%clk 0:01:18]} Ke6
{[%clk 0:00:16]} 50. Ke4 {[%clk 0:01:26]} Ke7 {[%clk 0:00:24]} 51. f5
{[%clk 0:01:34]} Kf7 {[%clk 0:00:33]} 52. f6 {[%clk 0:01:10]} Ke6
{[%clk 0:00:17]} 53. Kf4 {[%clk 0:01:20]} Kf7 {[%clk 0:00:16]} 54. Kf5
{[%clk 0:01:08]} d3 {[%clk 0:00:24]} 55. e6+ {[%clk 0:01:17]} Ke8
{[%clk 0:00:13]} 56. f7+ {[%clk 0:00:52]} Ke7 {[%clk 0:00:22]} 57. Kg6
{[%clk 0:01:01]} d2 {[%clk 0:00:30]} 58. Kg7 {[%clk 0:01:10]} d1=Q
{[%clk 0:00:35]} 59. f8=Q+ {[%clk 0:01:18]} Kxe6 {[%clk 0:00:44]} 60. Qc8+
{[%clk 0:00:25]} Ke5 {[%clk 0:00:12]} 61. Qxc5+ {[%clk 0:00:33]} Ke4
{[%clk 0:00:21]} 62. Qc6+ {[%clk 0:00:24]} Ke5 {[%clk 0:00:26]} 63. Qf6+
{[%clk 0:00:15]} Ke4 {[%clk 0:00:32]} 64. Qe6+ {[%clk 0:00:18]} Kf4
{[%clk 0:00:32]} 65. Qf7+ {[%clk 0:00:15]} Ke4 {[%clk 0:00:26]} 66. Qb7+
{[%clk 0:00:18]} Ke5 {[%clk 0:00:14]} 67. Qb5+ {[%clk 0:00:19]} Ke6
{[%clk 0:00:22]} 68. Qb6+ {[%clk 0:00:23]} Kd7 {[%clk 0:00:15]} 69. Qb5+
{[%clk 0:00:12]} Ke7 {[%clk 0:00:16]} 70. Qe5+ {[%clk 0:00:17]} Kd7
{[%clk 0:00:22]} 71. Qf5+ {[%clk 0:00:19]} Ke7 {[%clk 0:00:24]} 72. Qe5+
{[%clk 0:00:14]} Kd7 {[%clk 0:00:33]} 73. Qxa5 {[%clk 0:00:14]} Qd4+
{[%clk 0:00:38]} 74. Kg6 {[%clk 0:00:21]} Qxc4 {[%clk 0:00:39]} 75. Kf5
{[%clk 0:00:20]} Kc6 {[%clk 0:00:39]} 76. Qa8+ {[%clk 0:00:29]} Kc7
{[%clk 0:00:42]} 77. Qa7+ {[%clk 0:00:28]} Kc6 {[%clk 0:00:47]} 78. Qe7
{[%clk 0:00:30]} Qc5+ {[%clk 0:00:54]} 79. Qe5 {[%clk 0:00:37]} Qxe5+
{[%clk 0:01:03]} 80. Kxe5 {[%clk 0:00:46]} Kb6 {[%clk 0:01:11]} 81. Ke4 1/2-1/2

[Event "Russian Rapid Team Championship (m)"]
[Site "Sochi"]
[Date "2022.10.18"]
[Round "3.9"]
[White "Malakhov, Vladimir"]
[Black "Ponkratov, Pavel"]
[Result "1/2-1/2"]
[BlackElo "2518"]
[WhiteElo "2670"]
[LiveChessVersion "1.4.8"]

1. Nf3 {[%clk 0:15:17]} Nf6 {[%clk 0:15:17]} 2. c4 {[%clk 0:15:24]} g6
{[%clk 0:15:24]} 3. g3 {[%clk 0:15:31]} Bg7 {[%clk 0:15:32]} 4. Bg2
{[%clk 0:15:39]} O-O {[%clk 0:15:40]} 5. O-O {[%clk 0:15:47]} d5 {[%clk 0:15:43]}
6. cxd5 {[%clk 0:15:46]} Nxd5 {[%clk 0:15:52]} 7. Nc3 {[%clk 0:15:08]} Nc6
{[%clk 0:15:34]} 8. d4 {[%clk 0:15:08]} Nb6 {[%clk 0:15:41]} 9. e3
{[%clk 0:15:09]} Re8 {[%clk 0:15:34]} 10. Re1 {[%clk 0:15:04]} a5
{[%clk 0:15:40]} 11. Qe2 {[%clk 0:14:15]} Be6 {[%clk 0:15:07]} 12. Rd1
{[%clk 0:13:30]} Bc4 {[%clk 0:14:48]} 13. Qc2 {[%clk 0:13:05]} a4
{[%clk 0:14:45]} 14. Ne4 {[%clk 0:10:06]} Nb4 {[%clk 0:13:25]} 15. Qb1
{[%clk 0:09:10]} e5 {[%clk 0:13:33]} 16. Nc5 {[%clk 0:06:47]} exd4
{[%clk 0:13:37]} 17. Nxd4 {[%clk 0:06:33]} Bxd4 {[%clk 0:10:13]} 18. exd4
{[%clk 0:05:26]} Be2 {[%clk 0:10:21]} 19. Re1 {[%clk 0:05:05]} Qxd4
{[%clk 0:08:10]} 20. Be3 {[%clk 0:05:13]} Rxe3 {[%clk 0:08:18]} 21. fxe3
{[%clk 0:05:22]} Qxe3+ {[%clk 0:08:27]} 22. Kh1 {[%clk 0:05:31]} Rd8
{[%clk 0:08:11]} 23. a3 {[%clk 0:02:59]} Nd3 {[%clk 0:05:19]} 24. Nxd3
{[%clk 0:02:55]} Rxd3 {[%clk 0:05:28]} 25. Qc2 {[%clk 0:02:04]} Rd2
{[%clk 0:05:37]} 26. Qxc7 {[%clk 0:02:13]} Nd7 {[%clk 0:05:46]} 27. Qxb7
{[%clk 0:01:47]} Nc5 {[%clk 0:05:51]} 28. Qb6 {[%clk 0:01:01]} Qf2
{[%clk 0:05:53]} 29. Qb8+ {[%clk 0:00:55]} Kg7 {[%clk 0:06:01]} 30. Qe5+
{[%clk 0:01:04]} Kh6 {[%clk 0:05:47]} 31. Qf4+ {[%clk 0:00:51]} Qxf4
{[%clk 0:05:55]} 32. gxf4 {[%clk 0:01:00]} Nd3 {[%clk 0:05:47]} 33. Reb1
{[%clk 0:01:04]} Nxf4 {[%clk 0:05:49]} 34. Bc6 {[%clk 0:01:08]} Bd3
{[%clk 0:04:45]} 35. Re1 {[%clk 0:01:02]} f5 {[%clk 0:04:34]} 36. Re3
{[%clk 0:00:53]} Bc2 {[%clk 0:02:45]} 37. Rf1 {[%clk 0:00:34]} Nd3
{[%clk 0:02:43]} 38. Rh3+ {[%clk 0:00:30]} Kg7 {[%clk 0:02:50]} 39. Rg3
{[%clk 0:00:38]} Nxb2 {[%clk 0:02:37]} 40. Rg2 {[%clk 0:00:46]} Rxg2
{[%clk 0:02:45]} 41. Kxg2 {[%clk 0:00:55]} Nc4 {[%clk 0:02:51]} 42. Kf2
{[%clk 0:00:53]} Kf6 {[%clk 0:02:10]} 43. Rc1 {[%clk 0:00:55]} Nxa3
{[%clk 0:02:13]} 44. Bxa4 {[%clk 0:00:58]} Bxa4 {[%clk 0:02:05]} 45. Ra1
{[%clk 0:01:07]} Bc6 {[%clk 0:02:07]} 46. Rxa3 {[%clk 0:01:16]} Kg5
{[%clk 0:02:12]} 47. Ra7 {[%clk 0:01:16]} h5 {[%clk 0:02:11]} 48. Ra6
{[%clk 0:01:25]} Be8 {[%clk 0:02:08]} 49. h4+ {[%clk 0:01:10]} Kxh4
{[%clk 0:02:13]} 50. Re6 {[%clk 0:01:19]} Bf7 1/2-1/2

[Event "Russian Rapid Team Championship (m)"]
[Site "Sochi"]
[Date "2022.10.18"]
[Round "3.10"]
[White "Shomoev, Anton"]
[Black "Zvjaginsev, Vadim"]
[Result "1-0"]
[BlackElo "2498"]
[WhiteElo "2553"]
[LiveChessVersion "1.4.8"]

1. e4 {[%clk 0:15:17]} c5 {[%clk 0:15:17]} 2. Nf3 {[%clk 0:15:25]} Nc6
{[%clk 0:15:26]} 3. d4 {[%clk 0:15:29]} cxd4 {[%clk 0:15:34]} 4. Nxd4
{[%clk 0:15:38]} g6 {[%clk 0:15:43]} 5. Nc3 {[%clk 0:15:46]} Bg7 {[%clk 0:15:50]}
6. Be3 {[%clk 0:15:54]} Nf6 {[%clk 0:15:57]} 7. Bc4 {[%clk 0:16:03]} O-O
{[%clk 0:15:55]} 8. Bb3 {[%clk 0:16:10]} d6 {[%clk 0:16:01]} 9. h3
{[%clk 0:15:57]} Na5 {[%clk 0:15:25]} 10. Qd2 {[%clk 0:15:52]} a6
{[%clk 0:14:08]} 11. Bh6 {[%clk 0:15:27]} e5 {[%clk 0:14:03]} 12. Bxg7
{[%clk 0:13:22]} Kxg7 {[%clk 0:14:10]} 13. Nde2 {[%clk 0:13:27]} b5
{[%clk 0:13:57]} 14. f3 {[%clk 0:11:32]} Nxb3 {[%clk 0:12:46]} 15. axb3
{[%clk 0:11:39]} Qb6 {[%clk 0:12:23]} 16. O-O-O {[%clk 0:11:14]} Rd8
{[%clk 0:12:23]} 17. g4 {[%clk 0:11:08]} b4 {[%clk 0:11:51]} 18. g5
{[%clk 0:10:29]} Nh5 {[%clk 0:10:39]} 19. Nd5 {[%clk 0:10:36]} Qf2
{[%clk 0:10:47]} 20. Rdf1 {[%clk 0:09:50]} Qh4 {[%clk 0:10:39]} 21. Qe3
{[%clk 0:05:18]} Be6 {[%clk 0:06:48]} 22. Nc7 {[%clk 0:05:09]} Rac8
{[%clk 0:06:56]} 23. Nxe6+ {[%clk 0:05:12]} fxe6 {[%clk 0:07:04]} 24. Rfg1
{[%clk 0:04:35]} Nf4 {[%clk 0:07:12]} 25. Kb1 {[%clk 0:03:15]} h5
{[%clk 0:05:27]} 26. gxh6+ {[%clk 0:03:05]} Qxh6 {[%clk 0:05:34]} 27. Qa7+
{[%clk 0:02:59]} Kf6 {[%clk 0:04:59]} 28. Nxf4 {[%clk 0:02:58]} Qxf4
{[%clk 0:05:06]} 29. Rg4 {[%clk 0:03:02]} Qh6 {[%clk 0:04:50]} 30. Rhg1
{[%clk 0:02:52]} Rg8 {[%clk 0:04:58]} 31. f4 {[%clk 0:01:44]} exf4
{[%clk 0:04:55]} 32. Qd4+ {[%clk 0:01:52]} Ke7 {[%clk 0:04:56]} 33. e5
{[%clk 0:02:01]} dxe5 {[%clk 0:04:50]} 34. Qxe5 {[%clk 0:02:10]} Qxh3
{[%clk 0:02:31]} 35. Rxf4 {[%clk 0:01:54]} Qh8 {[%clk 0:02:21]} 36. Qg5+
{[%clk 0:01:46]} Ke8 {[%clk 0:02:30]} 37. Rf6 {[%clk 0:01:00]} Rc6
{[%clk 0:02:15]} 38. Rd1 {[%clk 0:00:45]} 1-0